Sjednocování uživatelského prostředí na osobních počítačích. Jednotná instalace osobních počítačů.
Jednotná inštalácia osobných počítačov a vytvorený systém programov. Menu v prostredí Norton Commander. Práca s dávkovými súbormi. Zadávanie riadiacich znakov. Základná inštalácia. Inštalačné diskety. Inštalácia zvolených produktov.
Saved in:
| Main Author: | |
|---|---|
| Format: | Book Chapter |
| Language: | Czech |
| Subjects: | |
| Tags: |
No Tags, Be the first to tag this record!
|
MARC
| LEADER | 00000naa a2200000 4500 | ||
|---|---|---|---|
| 001 | r003216 | ||
| 005 | 20220819175828.1 | ||
| 041 | 0 | |a cze | |
| 044 | |a [CS] | ||
| 245 | 1 | 0 | |a Sjednocování uživatelského prostředí na osobních počítačích. |b Jednotná instalace osobních počítačů. |c K. Havlíček |
| 520 | |a Jednotná inštalácia osobných počítačov a vytvorený systém programov. Menu v prostredí Norton Commander. Práca s dávkovými súbormi. Zadávanie riadiacich znakov. Základná inštalácia. Inštalačné diskety. Inštalácia zvolených produktov. | ||
| 610 | 2 | 0 | |a počítače osobné |
| 610 | 2 | 0 | |a systémy počítačové |
| 610 | 2 | 0 | |a zabezpečenie programové |
| 610 | 2 | 0 | |a používatelia |
| 100 | 1 | |a Havlíček, K. | |